000 03702nam a22005175i 4500
001 978-3-319-42384-5
003 DE-He213
005 20210118154727.0
007 cr nn 008mamaa
008 161214s2017 gw | s |||| 0|eng d
020 _a9783319423845
_9978-3-319-42384-5
024 7 _a10.1007/978-3-319-42384-5
_2doi
050 4 _aCC1-960
072 7 _aHD
_2bicssc
072 7 _aSOC003000
_2bisacsh
072 7 _aNK
_2thema
082 0 4 _a930.1
_223
100 1 _aHein, Anke.
_eauthor.
_4aut
_4http://id.loc.gov/vocabulary/relators/aut
245 1 4 _aThe Burial Record of Prehistoric Liangshan in Southwest China
_h[electronic resource] :
_bGraves as Composite Objects /
_cby Anke Hein.
250 _a1st ed. 2017.
264 1 _aCham :
_bSpringer International Publishing :
_bImprint: Springer,
_c2017.
300 _aXV, 534 p. 161 illus., 58 illus. in color.
_bonline resource.
336 _atext
_btxt
_2rdacontent
337 _acomputer
_bc
_2rdamedia
338 _aonline resource
_bcr
_2rdacarrier
347 _atext file
_bPDF
_2rda
505 0 _aChapter 1: Introduction -- Part I: The Model and the Material -- Chapter 2: Introducing the Tools: Theory, Method, and Mode -- Chapter 3: Setting the Stage: The Geography and Burial Record of the Liangshan Region -- Part II: Applying the Model -- Chapter 4: Constructing the Grave: The Main Parts and their Combination -- Chapter 5: Placing the Dead: Interment Practices and other Rituals -- Chapter 6: Providing for the Dead: The Object Assemblages -- Chapter 7: Time and Space: Connecting the Parts -- Part III: Evaluating the Model and the Data -- Chapter 8: Connecting the Parts: Graves and Groups, Space and Time -- Chapter 9: Taking Stock and Moving Forward -- Plates -- Appendix.
520 _aThis book proposes a new model and scheme of analysis for complex burial material and applies it to the prehistoric archaeological record of the Liangshan region in Southwest China that other archaeologists have commonly given a wide berth, regarding it as too patchy, too inhomogeneous, and overall too unwieldy to work with. The model treats burials as composite objects, considering the various elements separately in their respective life histories. The application of this approach to the rich and diverse archaeological record of the Liangshan region serves as a test of this new form of analysis. This volume thus pursues two main aims: to advance the understanding of the archaeology of the immediate study area which has been little examined, and to present and test a new scheme of analysis that can be applied to other bodies of material.
650 0 _aArchaeology.
650 1 4 _aArchaeology.
_0http://scigraph.springernature.com/things/product-market-codes/X13000
710 2 _aSpringerLink (Online service)
773 0 _tSpringer eBooks
776 0 8 _iPrinted edition:
_z9783319423838
776 0 8 _iPrinted edition:
_z9783319423852
776 0 8 _iPrinted edition:
_z9783319825663
856 4 0 _uhttps://doi.org/10.1007/978-3-319-42384-5
912 _aZDB-2-SLS
999 _c453971
_d453971
942 _cEB
506 _aAvailable to subscribing member institutions only. Доступно лише організаціям членам підписки.
506 _fOnline access from local network of NaUOA.
506 _fOnline access with authorization at https://link.springer.com/
506 _fОнлайн-доступ з локальної мережі НаУОА.
506 _fОнлайн доступ з авторизацією на https://link.springer.com/